Die 10 größten Städte - Hawaii - Statistiken

Allgemein
  • Dieses Quiz wurde 61 mal gespielt
  • Das Durchschnittsergebnis liegt bei 2 aus 10
Antwortstatistiken
Einwohnerzahl Stadt % Korrekt
350.943 Honolulu
100%
44.186 Hilo
28%
40.514 Kailua
22%
37.430 Kaneohe
14%
45.295 Pearl City
14%
28.219 Kahului
11%
43.485 Waipahu
8%
50.922 East Honolulu
6%
25.707 Ewa Gentry
3%
28.121 Mililani Town
3%
Keine übereinstimmenden Quizze gefunden
Verteilung der Resultate
Anzahl Personen mit jedem Resultat
Perzentil nach korrekt beantworteten Fragen
Ihre Resultats-Entwicklung
Sie haben dieses Quiz noch nicht gespielt